Statystyki dla Państwa Oceanii

Kliknij tutaj aby rozwiązać quiz!

Ogólne statystyki

  • Ten quiz został rozwiązany 73 877 razy
  • Średni wynik to 9 z 14

Odpowiedzi na mapie

Odpowiedzi skodowane kolorowo w zielono-czerwonej skali na mapie do tego quizu, zgodnie z poniższymi procentami.
Ładowanie ...
 

Statystyki odpowiedzi

Kraj% Poprawnych
Australia
99%
Nowa Zelandia
94%
Papua-Nowa Gwinea
83%
Fidżi
72%
Wyspy Marshalla
71%
Mikronezja
68%
Wyspy Salomona
68%
Kiribati
59%
Tuvalu
59%
Palau
57%
Vanuatu
57%
Nauru
56%
Samoa
52%
Tonga
52%

Rozkład punktacji

Percentyl według liczby udzielonych odpowiedzi

Procent ludzi z każdym wynikiem

Twoja historia wyników

Nie rozwiązałeś tego quizu